000 01170nam0a22002891 4500
001 rc\263779
005 20250621000434.0
010 _a5-03-001905-7
_92500
035 _a(NLR Aleph) 005469259
090 _a5030368
_c5030368
100 _a20030307d1991 |||y0rusy50 ca
101 0 _arus
102 _aRU
105 _aa |||||||||
200 1 _aРешаемые модели в квантовой механике
_fС. Альбеверио, Ф. Гестези, Р. Хеэг-Крон, Х. Хольден
_gПер. с англ. В.А. Гейлера и др.
210 _aМ.
_cМир
_d1991
215 _a566 с.
_cил.
_d22
300 _aПеред вып. дан. 1-й авт.: Серджо Альбеверио
320 _aБиблиогр.: с. 505-550
320 _aУказ. имен., предм.: с. 551-563
320 _aПеревод изд.: Solvable models in quantum mechanics / Sergio Albeverio, Friedrich Gesztesy, Raphael Hoegh-Krohn, Helge Holden (New York etc.,1988)
701 1 _aАльбеверио
_bС.
_gСерджио
801 0 _aRU
_bNLR
_gpsbo
801 1 _aRU
_bELAR
_2rusmarc
852 _aNLR
_j91-5/3192
942 _cBOOK
980 _aNB